Statistics for Team of the Year - FIFA 21

Click here to take the quiz!

General Stats

  • This quiz has been taken 72 times
  • The average score is 9 of 11

Answer Stats

PositionPlayer% Correct
LWCristiano Ronaldo
95%
STRobert Lewandowski
94%
RWKylian Mbappé
92%
CAMKevin de Bruyne
89%
CBSergio Ramos
89%
CBVirgil van Dijk
87%
GKManuel Neuer
84%
LBAlphonso Davies
81%
RBTrent Alexander-Arnold
81%
CDMJoshua Kimmich
79%
CAMBruno Fernandes
76%

Score Distribution

Percentile by Number Answered

Percent of People with Each Score

Your Score History

You have not taken this quiz